La Cueva de la Cocina : (Record no. 189891)
[ view plain ]
| 000 -LEADER | |
|---|---|
| campo de control de longitud fija | 01360nam a22003011i 4500 |
| 001 - NÚMERO DE CONTROL | |
| campo de control | 189891 |
| 003 - IDENTIFICADOR DE NÚMERO DE CONTROL | |
| campo de control | SpMaBN |
| 005 - FECHA Y HORA DE LA ÚLTIMA TRANSACCIÓN | |
| campo de control | 20260303141311.0 |
| 008 - DATOS DE LONGITUD FIJA--INFORMACIÓN GENERAL | |
| campo de control de longitud fija | 191218e1971 sp af |||| | spa d |
| 080 ## - NÚMERO DE LA CLASIFICACIÓN DECIMAL UNIVERSAL | |
| Número de la Clasificación Decimal Universal | 903(460.313) |
| 100 1# - ENTRADA PRINCIPAL--NOMBRE DE PERSONA | |
| Nombre de persona | Fortea Pérez, F. Javier. |
| 9 (RLIN) | 169169 |
| Término indicativo de función/relación | Autor |
| 245 13 - MENCIÓN DEL TÍTULO | |
| Título | La Cueva de la Cocina : |
| Resto del título | ensayo de cronología del epipaleolítico (Facies Geométricas) / |
| Mención de responsabilidad, etc. | Javier Fortea Pérez ; prólogo del Dr. D. Luis Pericot García. |
| 260 ## - PUBLICACIÓN, DISTRIBUCIÓN, ETC. | |
| Lugar de publicación, distribución, etc. | Valencia : |
| Nombre del editor, distribuidor, etc. | [Institución Alfonso El Magnánimo], |
| Fecha de publicación, distribución, etc. | 1971. |
| 300 ## - DESCRIPCIÓN FÍSICA | |
| Extensión | XII, 90 páginas, XIV láminas : |
| Otras características físicas | ilustraciones ; |
| Dimensiones | 27 cm. |
| 490 1# - MENCIÓN DE SERIE | |
| Mención de serie | Serie de trabajos varios ; |
| Designación de volumen o secuencia | 40 |
| 594 ## - Nota al título y mención de responsabilidad | |
| Nota al título y mención de responsabilidad | Precede al tít.: Servicio de Investigación Prehistórica, Diputación Provincial de Valencia. |
| 650 #7 - PUNTO DE ACCESO ADICIONAL DE MATERIA--TÉRMINO DE MATERIA | |
| Término de materia o nombre geográfico como elemento de entrada | Edad de piedra. |
| 9 (RLIN) | 143552 |
| 651 #7 - PUNTO DE ACCESO ADICIONAL DE MATERIA--NOMBRE GEOGRÁFICO | |
| Nombre geográfico | Cueva de la Cocina (Valencia) |
| 9 (RLIN) | 169170 |
| 651 #7 - PUNTO DE ACCESO ADICIONAL DE MATERIA--NOMBRE GEOGRÁFICO | |
| Nombre geográfico | Valencia (Provincia)- |
| Subdivisión general | Restos arqueológicos prehistóricos. |
| 9 (RLIN) | 169171 |
| 700 1# - ENTRADA AGREGADA--NOMBRE PERSONAL | |
| Nombre de persona | Pericot, Luis, |
| Fechas asociadas al nombre | 1899-1978 |
| 9 (RLIN) | 91262 |
| Término indicativo de función/relación | Autor de introducción |
| 710 2# - ENTRADA AGREGADA--NOMBRE DE ENTIDAD CORPORATIVA | |
| Nombre de entidad corporativa o nombre de jurisdicción como elemento de entrada | Servicio de Investigación Prehistórica (Valencia) |
| 9 (RLIN) | 169161 |
| Término indicativo de función/relación | entidad responsable |
| 710 2# - ENTRADA AGREGADA--NOMBRE DE ENTIDAD CORPORATIVA | |
| Nombre de entidad corporativa o nombre de jurisdicción como elemento de entrada | Institució Alfons el Magnànim |
| Término indicativo de función/relación | Editor |
| 9 (RLIN) | 173001 |
| 830 #0 - PUNTO DE ACCESO ADICIONAL DE SERIE-TÍTULO UNIFORME | |
| Título uniforme | Serie de trabajos varios ; |
| Designación de volumen o secuencia | 40 |
| 9 (RLIN) | 187022 |
| 852 ## - LOCALIZACIÓN | |
| Ubicación | ES-MaACL |
| Número de control de estantería | L-32474 |
| Ubicación en estantería | Depósito 2 |
| Donativo/Legado | Donat. Viuda Antonio Tovar |
| 942 ## - ELEMENTOS DE ENTRADA SECUNDARIOS (KOHA) | |
| Fuente del sistema de clasificación o colocación | Clasificación decimal universal |
| Tipo de ítem Koha | Libro impreso |
| Suprimir en OPAC | No |
| Estatus retirado | Estado de pérdida | Fuente del sistema de clasificación o colocación | Estado de daño | No para préstamo | Biblioteca de origen | Biblioteca actual | Ubicación en estantería | Fecha de adquisición | Fuente de adquisición | Total de préstamos | Signatura topográfica completa | Código de barras | Visto por última vez | Tipo de ítem Koha |
|---|---|---|---|---|---|---|---|---|---|---|---|---|---|---|
| Clasificación decimal universal | Biblioteca del Ateneo de Madrid | Biblioteca del Ateneo de Madrid | Depósito 2 | 18/12/2019 | Donación | L-32474 | 1201425 | 23/02/2023 | Libro impreso |
